<?xml version="1.0" encoding="UTF-8"?>
<record
    xmlns:xsi="http://www.w3.org/2001/XMLSchema-instance"
    xsi:schemaLocation="http://www.loc.gov/MARC21/slim http://www.loc.gov/standards/marcxml/schema/MARC21slim.xsd"
    xmlns="http://www.loc.gov/MARC21/slim">

  <leader>00474nam a22001577a 4500</leader>
  <controlfield tag="005">20260108121310.0</controlfield>
  <controlfield tag="008">260108b        |||||||| |||| 00| 0 eng d</controlfield>
  <datafield tag="020" ind1=" " ind2=" ">
    <subfield code="a">978-178135312-7</subfield>
  </datafield>
  <datafield tag="100" ind1=" " ind2=" ">
    <subfield code="a">CURTIS CHRIS</subfield>
  </datafield>
  <datafield tag="245" ind1=" " ind2=" ">
    <subfield code="a">HOW TO TEACH ENGLISH</subfield>
    <subfield code="b">NOVELS, NON-FICTION AND THEIR ARTFUL NAVIGATION</subfield>
  </datafield>
  <datafield tag="260" ind1=" " ind2=" ">
    <subfield code="a">WALES</subfield>
    <subfield code="b">INDEPENDENT THINKING PRESS</subfield>
    <subfield code="c">2019</subfield>
  </datafield>
  <datafield tag="300" ind1=" " ind2=" ">
    <subfield code="a">V, 246P.</subfield>
  </datafield>
  <datafield tag="500" ind1=" " ind2=" ">
    <subfield code="a">INCLUDES INDEX</subfield>
  </datafield>
  <datafield tag="650" ind1=" " ind2=" ">
    <subfield code="a">ENGLISH LANGUAGE STUDY AND TEACHING</subfield>
  </datafield>
  <datafield tag="942" ind1=" " ind2=" ">
    <subfield code="2">lcc</subfield>
    <subfield code="c">BK</subfield>
  </datafield>
  <datafield tag="999" ind1=" " ind2=" ">
    <subfield code="c">216430</subfield>
    <subfield code="d">216430</subfield>
  </datafield>
  <datafield tag="952" ind1=" " ind2=" ">
    <subfield code="0">0</subfield>
    <subfield code="1">0</subfield>
    <subfield code="2">lcc</subfield>
    <subfield code="4">0</subfield>
    <subfield code="6">PE1065 C87  02019</subfield>
    <subfield code="7">0</subfield>
    <subfield code="8">ARTS</subfield>
    <subfield code="9">374366</subfield>
    <subfield code="a">KSUL</subfield>
    <subfield code="b">KSUL</subfield>
    <subfield code="c">DISPLAY</subfield>
    <subfield code="d">2026-01-08</subfield>
    <subfield code="i">110827</subfield>
    <subfield code="l">0</subfield>
    <subfield code="o">PE 1065 .C87 2019</subfield>
    <subfield code="p">000000023988</subfield>
    <subfield code="r">2026-01-08 12:14:49</subfield>
    <subfield code="t">C.1</subfield>
    <subfield code="w">2026-01-08</subfield>
    <subfield code="y">BK</subfield>
  </datafield>
  <datafield tag="952" ind1=" " ind2=" ">
    <subfield code="0">0</subfield>
    <subfield code="1">0</subfield>
    <subfield code="2">lcc</subfield>
    <subfield code="4">0</subfield>
    <subfield code="6">PE1065 C87  02019</subfield>
    <subfield code="7">0</subfield>
    <subfield code="8">ARTS</subfield>
    <subfield code="9">374367</subfield>
    <subfield code="a">KSUL</subfield>
    <subfield code="b">KSUL</subfield>
    <subfield code="c">DISPLAY</subfield>
    <subfield code="d">2026-01-08</subfield>
    <subfield code="i">110828</subfield>
    <subfield code="l">0</subfield>
    <subfield code="o">PE 1065 .C87 2019</subfield>
    <subfield code="p">000000019266</subfield>
    <subfield code="r">2026-01-08 12:14:00</subfield>
    <subfield code="t">C.2</subfield>
    <subfield code="w">2026-01-08</subfield>
    <subfield code="y">BK</subfield>
  </datafield>
  <datafield tag="952" ind1=" " ind2=" ">
    <subfield code="0">0</subfield>
    <subfield code="1">0</subfield>
    <subfield code="2">lcc</subfield>
    <subfield code="4">0</subfield>
    <subfield code="6">PE1065 C87  02019</subfield>
    <subfield code="7">0</subfield>
    <subfield code="8">ARTS</subfield>
    <subfield code="9">374368</subfield>
    <subfield code="a">KSUL</subfield>
    <subfield code="b">KSUL</subfield>
    <subfield code="c">DISPLAY</subfield>
    <subfield code="d">2026-01-08</subfield>
    <subfield code="i">110829</subfield>
    <subfield code="l">0</subfield>
    <subfield code="o">PE 1065 .C87 2019</subfield>
    <subfield code="p">000000019267</subfield>
    <subfield code="r">2026-01-08 12:14:00</subfield>
    <subfield code="t">C.3</subfield>
    <subfield code="w">2026-01-08</subfield>
    <subfield code="y">BK</subfield>
  </datafield>
  <datafield tag="952" ind1=" " ind2=" ">
    <subfield code="0">0</subfield>
    <subfield code="1">0</subfield>
    <subfield code="2">lcc</subfield>
    <subfield code="4">0</subfield>
    <subfield code="6">PE1065 C87  02019</subfield>
    <subfield code="7">0</subfield>
    <subfield code="8">ARTS</subfield>
    <subfield code="9">374369</subfield>
    <subfield code="a">KSUL</subfield>
    <subfield code="b">KSUL</subfield>
    <subfield code="c">DISPLAY</subfield>
    <subfield code="d">2026-01-08</subfield>
    <subfield code="i">110830</subfield>
    <subfield code="l">0</subfield>
    <subfield code="o">PE 1065 .C87 2019</subfield>
    <subfield code="p">000000019265</subfield>
    <subfield code="r">2026-01-08 12:14:00</subfield>
    <subfield code="t">C.4</subfield>
    <subfield code="w">2026-01-08</subfield>
    <subfield code="y">BK</subfield>
  </datafield>
  <datafield tag="952" ind1=" " ind2=" ">
    <subfield code="0">0</subfield>
    <subfield code="1">0</subfield>
    <subfield code="2">lcc</subfield>
    <subfield code="4">0</subfield>
    <subfield code="6">PE1065 C87  02019</subfield>
    <subfield code="7">0</subfield>
    <subfield code="8">ARTS</subfield>
    <subfield code="9">374370</subfield>
    <subfield code="a">KSUL</subfield>
    <subfield code="b">KSUL</subfield>
    <subfield code="c">DISPLAY</subfield>
    <subfield code="d">2026-01-08</subfield>
    <subfield code="i">110831</subfield>
    <subfield code="l">0</subfield>
    <subfield code="o">PE 1065 .C87 2019</subfield>
    <subfield code="p">000000019268</subfield>
    <subfield code="r">2026-01-08 12:14:00</subfield>
    <subfield code="t">C.5</subfield>
    <subfield code="w">2026-01-08</subfield>
    <subfield code="y">BK</subfield>
  </datafield>
</record>
